00916nam a22002415a 450000500170000000800410001702000180005804000380007608200190011424501150013326000310024830000360027950400410031554100390035665000300039565000360042565000360046165100100049765300250050794200080053299900170054095201170055720171107091942.0170208t2014 gw a frb 000 0 eng d a9783319381206 aEG-ScBUEbengcEG-ScBUEdEG-ScBUE04222a006.8bAUG00aAugmented reality art :bfrom an emerging technology to a novel creative medium /ceditor Vladimir Geroimenko. aCham :bSpringer,cc.2014. axviii, 314 p. :bill. ;c24 cm. aIncludes bibliographical references. aDonation from Vladimir Geroimenko. 02BUEshaAugmented reality. 793615aComputer graphics.2BUEsh 793615aComputer graphics.2BUEsh 2BUEsh bCOMSCIcFebruary2017 2ddc c24085d24057 00102ddc40708BaccahaMAINbMAINcLOWd2017-02-08eDonationl0o006.8 AUGp000041106r2025-07-15 00:00:00yBB